000 00497nmm a2200157Ia 4500
008 251105s9999||||xx |||||||||||||||||und||
020 _a9789562843744
041 _aspa
100 _aReyes, Bernardo
245 0 _aViaje a la poesía de Neruda : Residencias, calles y ciudades olvidadas
264 _a[Santiago de Chile, Chile] :
_bRil editores,
_c2004
300 _a89 páginas
650 _aLatin American literature
856 _uhttps://public.digitaliapublishing.com/a/39344
942 _cCF
999 _c94360
_d94360